[Event "Titled Tuesday intern op 16th Apr Late"]
[Site "Chess.com INT"]
[Date "2024.04.16"]
[Round "1"]
[White "Schmakel, Sam A"]
[Black "Wartiovaara, Oliver"]
[Result "1-0"]
[WhiteElo "2457"]
[BlackElo "2274"]
[PlyCount "95"]
[EventDate "2024.04.16"]
[EventType "swiss (blitz)"]
[EventRounds "11"]
[EventCountry "USA"]
[SourceTitle "CB17_2024"]
[SourceDate "2024.04.24"]
[SourceVersion "1"]
[SourceVersionDate "2024.04.24"]
[SourceQuality "1"]

1. e4 e5 2. Nf3 Nc6 3. Bb5 a6 4. Ba4 Nf6 5. d3 b5 6. Bb3 Bc5 7. 0-0 h6 8. c3 d6 9. Re1 0-0 10. h3 Bb6 11. Nbd2 Re8 12. a4 Rb8 13. axb5 axb5 14. Nf1 Be6 15. Bxe6 Rxe6 16. Ng3 d5 17. Be3 Bxe3 18. Rxe3 dxe4 19. dxe4 Qxd1+ 20. Rxd1 Ne7 21. Red3 Ng6 22. Rd8+ Re8 23. Rxb8 Rxb8 24. Ra1 b4 25. Ra7 bxc3 26. bxc3 Rb1+ 27. Kh2 Rb2 28. Rxc7 Rxf2 29. Kg1 Rc2 30. c4 Nf4 31. Ne1 Rc1 32. Kf2 g6 33. c5 h5 34. Ne2 Nxe4+ 35. Kf1 Nxe2 36. Kxe2 Rxc5 37. Ra7 f6 38. Ke3 Nd6 39. Nf3 Nf5+ 40. Kd2 e4 41. Ne1 Rb5 42. g4 hxg4 43. hxg4 Nd6 44. Nc2 f5 45. gxf5 gxf5 46. Ne3 f4 47. Ng4 Rg5 48. Nf6+ 1-0

[Event "FIN-ch"]
[Site "Helsinki"]
[Date "2024.03.29"]
[Round "1"]
[White "Wartiovaara, Oliver"]
[Black "Valkama, Eero"]
[Result "1-0"]
[WhiteElo "2272"]
[BlackElo "2300"]
[PlyCount "75"]
[EventDate "2024.03.29"]
[EventType "tourn"]
[EventRounds "9"]
[EventCountry "FIN"]
[EventCategory "3"]
[SourceTitle "CB15_2024"]
[SourceDate "2024.04.10"]
[SourceVersion "1"]
[SourceVersionDate "2024.04.10"]
[SourceQuality "1"]

1. e4 e5 2. Nf3 Nc6 3. Bc4 Bc5 4. c3 Nf6 5. d4 exd4 6. b4 Bb6 7. e5 d5 8. exf6 dxc4 9. Qe2+ Be6 10. b5 Na5 11. fxg7 Rg8 12. cxd4 Rxg7 13. Nc3 Bxd4 14. Bb2 Rxg2 15. 0-0-0 Rxf2 16. Rxd4 Rxe2 17. Rxd8+ Rxd8 18. Nxe2 Rd3 19. Nfd4 Bg4 20. Nf4 Re3 21. Nd5 Bf3 22. Nxe3 Bxh1 23. Bc3 b6 24. Bxa5 bxa5 25. a4 Kd7 26. Nxc4 f5 27. Kd2 f4 28. Nxa5 Kd6 29. Kd3 Kd5 30. Nac6 Be4+ 31. Kd2 Kc4 32. Ne6 f3 33. Nxc7 Kb3 34. a5 Ka4 35. a6 f2 36. Ke2 Bd3+ 37. Kxf2 Bxb5 38. Nxa7 1-0

[Event "Titled Tuesday intern op 12th Mar Late"]
[Site "Chess.com INT"]
[Date "2024.03.12"]
[Round "3"]
[White "Lazavik, Denis"]
[Black "Wartiovaara, Oliver"]
[Result "1-0"]
[WhiteElo "2567"]
[BlackElo "2272"]
[PlyCount "85"]
[EventDate "2024.03.12"]
[EventType "swiss (blitz)"]
[EventRounds "11"]
[EventCountry "USA"]
[SourceTitle "CB12_2024"]
[SourceDate "2023.10.01"]
[SourceVersion "1"]
[SourceVersionDate "2023.10.01"]
[SourceQuality "1"]

1. d4 Nf6 2. Nf3 d5 3. c4 e6 4. g3 Be7 5. Bg2 0-0 6. 0-0 a5 7. Qc2 Nc6 8. a3 dxc4 9. Qxc4 a4 10. Nc3 Bd7 11. Bg5 Na5 12. Qd3 Nd5 13. Bxe7 Qxe7 14. Ne5 Nxc3 15. Qxc3 c6 16. Rad1 Rfd8 17. e3 Be8 18. h4 f6 19. Nd3 Nb3 20. Bf3 Rac8 21. Kg2 b6 22. Qc4 c5 23. dxc5 Nxc5 24. Nxc5 Rxd1 25. Rxd1 Qxc5 26. Qxe6+ Bf7 27. Qd7 b5 28. Bd5 Bxd5+ 29. Rxd5 Qc6 30. Qxc6 Rxc6 31. Rxb5 Rc2 32. Rb4 Kf7 33. Rxa4 Rxb2 34. Ra8 Ra2 35. a4 h5 36. a5 g6 37. a6 Kg7 38. a7 Ra3 39. Kf1 Ra2 40. e4 Ra3 41. f4 Ra4 42. e5 fxe5 43. fxe5 1-0

[Event "Titled Tuesday intern op 12th Mar Late"]
[Site "Chess.com INT"]
[Date "2024.03.12"]
[Round "1"]
[White "Sarana, Alexey"]
[Black "Wartiovaara, Oliver"]
[Result "1-0"]
[WhiteElo "2699"]
[BlackElo "2272"]
[PlyCount "75"]
[EventDate "2024.03.12"]
[EventType "swiss (blitz)"]
[EventRounds "11"]
[EventCountry "USA"]
[SourceTitle "CB12_2024"]
[SourceDate "2023.10.01"]
[SourceVersion "1"]
[SourceVersionDate "2023.10.01"]
[SourceQuality "1"]

1. d4 d5 2. c4 e6 3. Nc3 Nf6 4. Bg5 Be7 5. e3 h6 6. Bh4 0-0 7. Qc2 b6 8. Nf3 Bb7 9. Bxf6 Bxf6 10. cxd5 exd5 11. Rd1 c5 12. dxc5 bxc5 13. Bc4 d4 14. 0-0 Nd7 15. Bd5 Rb8 16. Bxb7 Rxb7 17. exd4 cxd4 18. Ne4 Qb6 19. b3 Rc7 20. Qd2 Rd8 21. Rfe1 Nc5 22. Nxf6+ Qxf6 23. Qa5 Qb6 24. Qxb6 axb6 25. Rxd4 Rxd4 26. Nxd4 Ra7 27. Re2 Nd3 28. Rd2 Nc1 29. a4 Rd7 30. Kf1 Na2 31. Nf3 Rc7 32. g3 Nb4 33. Rd6 b5 34. axb5 Rc1+ 35. Kg2 Rc2 36. b6 Na6 37. b7 Kh7 38. Rxa6 1-0

[Event "Titled Tuesday intern op 13th Feb Early"]
[Site "Chess.com INT"]
[Date "2024.02.13"]
[Round "1"]
[White "Wartiovaara, Oliver"]
[Black "Antipov, Mikhail Al"]
[Result "0-1"]
[WhiteElo "2282"]
[BlackElo "2585"]
[PlyCount "53"]
[EventDate "2024.02.13"]
[EventType "swiss (blitz)"]
[EventRounds "11"]
[EventCountry "USA"]
[SourceTitle "CB08_2024"]
[SourceDate "2024.02.21"]
[SourceVersion "1"]
[SourceVersionDate "2024.02.21"]
[SourceQuality "1"]

1. g3 e5 2. Bg2 d5 3. Nf3 Nc6 4. d4 e4 5. Ne5 Nce7 6. f3 f6 7. Ng4 exf3 8. exf3 h5 9. Ne3 h4 10. 0-0 hxg3 11. hxg3 Bh3 12. Bxh3 Rxh3 13. Kg2 Qd7 14. Nc3 0-0-0 15. Ng4 Rh8 16. Rh1 Rxh1 17. Qxh1 Nf5 18. Ne2 Re8 19. Qd1 Bd6 20. Bf4 Bxf4 21. Nxf4 Ngh6 22. Kf2 Nxg4+ 23. fxg4 Ne3 24. Qf3 Nxg4+ 25. Kg2 Re3 26. Qxd5 Re2+ 27. Kf3 0-1

[Event "Rilton Cup 51st"]
[Site "Stockholm"]
[Date "2024.01.04"]
[Round "8"]
[White "Nyysti, Sampsa"]
[Black "Wartiovaara, Oliver"]
[Result "1-0"]
[WhiteElo "2339"]
[BlackElo "2294"]
[PlyCount "61"]
[EventDate "2023.12.27"]
[EventType "swiss"]
[EventRounds "9"]
[EventCountry "SWE"]
[SourceTitle "CB02_2024"]
[SourceDate "2024.01.10"]
[SourceVersion "1"]
[SourceVersionDate "2024.01.10"]
[SourceQuality "1"]

1. e4 c5 2. Nf3 d6 3. d4 cxd4 4. Qxd4 Nc6 5. Qe3 Nf6 6. Be2 g6 7. h3 Bg7 8. 0-0 0-0 9. Rd1 Nd7 10. c4 Qb6 11. Qd2 Nc5 12. Nc3 Bxc3 13. Qxc3 Nxe4 14. Qe1 Qa5 15. Qf1 e5 16. Ng5 Nxg5 17. Bxg5 Nd4 18. Be7 Re8 19. Bxd6 Qb6 20. c5 Qxb2 21. Bc4 Be6 22. Rab1 Qc3 23. Bxe6 Rxe6 24. Rxb7 Nf5 25. Qb5 Nxd6 26. cxd6 Qc2 27. Qd5 Rd8 28. d7 Rf6 29. Rd2 Qc1+ 30. Kh2 Qc6 31. Qa5 1-0

[Event "Rilton Cup 51st"]
[Site "Stockholm"]
[Date "2023.12.30"]
[Round "4"]
[White "Vignesh, B."]
[Black "Wartiovaara, Oliver"]
[Result "1/2-1/2"]
[WhiteElo "2179"]
[BlackElo "2294"]
[PlyCount "107"]
[EventDate "2023.12.27"]
[EventType "swiss"]
[EventRounds "9"]
[EventCountry "SWE"]
[SourceTitle "CB02_2024"]
[SourceDate "2024.01.10"]
[SourceVersion "1"]
[SourceVersionDate "2024.01.10"]
[SourceQuality "1"]

1. Nf3 Nf6 2. g3 g6 3. Bg2 Bg7 4. c4 0-0 5. Nc3 d6 6. d4 Bd7 7. 0-0 Re8 8. e4 e5 9. h3 exd4 10. Nxd4 Nc6 11. Be3 Nxd4 12. Bxd4 c5 13. Be3 Bc6 14. Qc2 Qe7 15. f3 a6 16. a4 Qe6 17. Qd3 Nd7 18. Nd5 Ne5 19. Qe2 Nxc4 20. Nf4 Nxe3 21. Nxe6 fxe6 22. Kh2 Nxf1+ 23. Bxf1 d5 24. e5 b5 25. f4 bxa4 26. h4 c4 27. Rc1 Rab8 28. Rc2 Rb3 29. h5 Kf7 30. Qf2 Reb8 31. Qa7+ R8b7 32. Qxa6 Rxb2 33. Rxb2 Rxb2+ 34. Kh3 Bd7 35. Qa8 Be8 36. Qa7+ Kg8 37. Qe7 Bf7 38. hxg6 hxg6 39. Qa3 Rf2 40. Bg2 Bf8 41. Qxa4 c3 42. Qc6 c2 43. Bxd5 c1Q 44. Qxc1 exd5 45. Qc6 Re2 46. Kg4 Re3 47. Qd7 d4 48. Kh3 d3 49. Kg2 Re2+ 50. Kf3 Bc4 51. Qc6 Bf7 52. Qd7 Bc4 53. Qc6 Bf7 54. Qd7 1/2-1/2

[Event "Rilton Cup 51st"]
[Site "Stockholm"]
[Date "2023.12.29"]
[Round "3"]
[White "Wartiovaara, Oliver"]
[Black "Logdahl, Harald"]
[Result "1-0"]
[WhiteElo "2294"]
[BlackElo "2187"]
[PlyCount "71"]
[EventDate "2023.12.27"]
[EventType "swiss"]
[EventRounds "9"]
[EventCountry "SWE"]
[SourceTitle "CB02_2024"]
[SourceDate "2024.01.10"]
[SourceVersion "1"]
[SourceVersionDate "2024.01.10"]
[SourceQuality "1"]

1. e4 Nf6 2. e5 Nd5 3. d4 d6 4. Nf3 Bg4 5. Be2 c6 6. Ng5 Bf5 7. g4 Bg6 8. e6 fxe6 9. c4 Nc7 10. Nc3 h6 11. Nf3 Nba6 12. Be3 Qd7 13. Qa4 Bh7 14. b4 g5 15. h4 gxh4 16. Rxh4 Bg6 17. Qb3 Bg7 18. b5 Nb8 19. 0-0-0 cxb5 20. cxb5 a6 21. Rdh1 h5 22. gxh5 Bf5 23. a4 axb5 24. axb5 Bf6 25. Bg5 Bxg5+ 26. Nxg5 d5 27. h6 Ra1+ 28. Kb2 Rxh1 29. Rxh1 Qd6 30. Bh5+ Kd7 31. Nf7 Qf4 32. Nxh8 Qxf2+ 33. Ka3 Qxd4 34. Ng6 Qc5+ 35. Qb4 Qe3 36. h7 1-0

[Event "Rilton Cup 51st"]
[Site "Stockholm"]
[Date "2023.12.27"]
[Round "1"]
[White "Wartiovaara, Oliver"]
[Black "Gorshtein, Ido"]
[Result "1/2-1/2"]
[WhiteElo "2294"]
[BlackElo "2523"]
[PlyCount "74"]
[EventDate "2023.12.27"]
[EventType "swiss"]
[EventRounds "9"]
[EventCountry "SWE"]
[SourceTitle "CB02_2024"]
[SourceDate "2024.01.10"]
[SourceVersion "1"]
[SourceVersionDate "2024.01.10"]
[SourceQuality "1"]

1. e4 c6 2. d4 d5 3. f3 e6 4. Nc3 Bb4 5. a3 Bxc3+ 6. bxc3 b6 7. Nh3 Ne7 8. Be3 0-0 9. Qd2 Ba6 10. Bxa6 Nxa6 11. 0-0 c5 12. Nf4 Rc8 13. dxc5 Nxc5 14. exd5 e5 15. d6 Nf5 16. Bxc5 Rxc5 17. Nd3 Ra5 18. Nb4 Qxd6 19. Qxd6 Nxd6 20. Rfd1 Nc8 21. Rd7 Rc5 22. Nd5 b5 23. a4 bxa4 24. Rxa4 Rxd5 25. Rxd5 Nb6 26. Rda5 Nxa4 27. Rxa4 Ra8 28. Ra6 Kf8 29. c4 Ke7 30. c5 Kd7 31. Kf2 Kc7 32. c6 Kd6 33. c3 f5 34. h4 g6 35. Ke3 h6 36. Ke2 Kc7 37. Ke3 Kd6 1/2-1/2

[Event "EU-chT 24th"]
[Site "Budva"]
[Date "2023.11.19"]
[Round "8.17"]
[White "Wartiovaara, Oliver"]
[Black "Baenziger, Fabian"]
[Result "1-0"]
[WhiteElo "2270"]
[BlackElo "2422"]
[PlyCount "51"]
[EventDate "2023.11.11"]
[EventType "team-swiss"]
[EventRounds "9"]
[EventCountry "MNE"]
[SourceTitle "CB47_2023"]
[SourceDate "2023.11.22"]
[SourceVersion "1"]
[SourceVersionDate "2023.11.22"]
[SourceQuality "1"]
[WhiteTeam "Finland"]
[BlackTeam "Switzerland"]
[WhiteTeamCountry "FIN"]
[BlackTeamCountry "SUI"]

1. e4 c5 2. Nf3 Nc6 3. d4 cxd4 4. Nxd4 Nf6 5. Nc3 d6 6. Bb5 Bd7 7. Bg5 e6 8. Qd3 Be7 9. 0-0-0 Nxd4 10. Bxd7+ Nxd7 11. Bxe7 Kxe7 12. Qxd4 Qb6 13. Qxg7 Rag8 14. Qh6 Rxg2 15. Qh4+ f6 16. Rhg1 Rxg1 17. Rxg1 Qc5 18. Rg7+ Kd8 19. Qg4 Qxf2 20. Qxe6 Qf4+ 21. Kd1 Qf1+ 22. Kd2 Qf4+ 23. Ke1 Qh4+ 24. Kd1 Qh5+ 25. Ne2 Qb5 26. Rxd7+ 1-0

[Event "EU-chT 24th"]
[Site "Budva"]
[Date "2023.11.17"]
[Round "6.4"]
[White "Wartiovaara, Oliver"]
[Black "Grant, Jonathan"]
[Result "1/2-1/2"]
[WhiteElo "2270"]
[BlackElo "2150"]
[PlyCount "97"]
[EventDate "2023.11.11"]
[EventType "team-swiss"]
[EventRounds "9"]
[EventCountry "MNE"]
[SourceTitle "CB47_2023"]
[SourceDate "2023.11.22"]
[SourceVersion "1"]
[SourceVersionDate "2023.11.22"]
[SourceQuality "1"]
[WhiteTeam "Finland"]
[BlackTeam "Scotland"]
[WhiteTeamCountry "FIN"]
[BlackTeamCountry "SCO"]

1. d4 Nf6 2. c4 e6 3. g3 d5 4. Nf3 a6 5. Bg2 dxc4 6. 0-0 Nc6 7. e3 Bd7 8. Qe2 b5 9. b3 cxb3 10. axb3 Be7 11. Ba3 0-0 12. Rc1 Nd5 13. Nbd2 Bxa3 14. Rxa3 Qe7 15. Raa1 Rfb8 16. Ne4 a5 17. Nc5 Be8 18. e4 Nb6 19. e5 Nb4 20. h4 h6 21. g4 N4d5 22. g5 h5 23. g6 Nf4 24. gxf7+ Qxf7 25. Qe4 Qf5 26. Qxf5 exf5 27. Bf1 Nbd5 28. Kh2 Rb6 29. Nd3 Ra7 30. Rc5 c6 31. Ng5 Bd7 32. Kg3 Ne6 33. Nxe6 Bxe6 34. Rc2 Kf7 35. Nc5 Rb8 36. f4 Nb4 37. Rcc1 Rd8 38. Rd1 Bd5 39. Kf2 g6 40. Rd2 Rda8 41. Rb2 Na6 42. Rxa5 Nxc5 43. Rxa7+ Rxa7 44. dxc5 b4 45. Bc4 Ke6 46. Ke3 Ra1 47. Rg2 Bxc4 48. bxc4 Kf7 49. Rb2 1/2-1/2

[Event "Fagernes Autumn op"]
[Site "Fagernes"]
[Date "2023.10.15"]
[Round "9"]
[White "Oksendal, Martin"]
[Black "Wartiovaara, Oliver"]
[Result "1/2-1/2"]
[WhiteElo "2123"]
[BlackElo "2321"]
[PlyCount "73"]
[EventDate "2023.10.08"]
[EventType "swiss"]
[EventRounds "9"]
[EventCountry "NOR"]
[SourceTitle "Mega2024 Update 01"]
[Source "Chessbase"]
[SourceDate "2023.11.12"]
[SourceVersion "1"]
[SourceVersionDate "2023.11.12"]
[SourceQuality "1"]

1. e4 e6 2. d4 d5 3. Nc3 Nf6 4. e5 Nfd7 5. f4 c5 6. Nf3 Nc6 7. Be3 Qb6 8. Na4 Qa5+ 9. c3 b6 10. Bd2 c4 11. b4 Nxb4 12. cxb4 Bxb4 13. Bxb4 Qxb4+ 14. Kf2 b5 15. Nc5 Nxc5 16. dxc5 Qxc5+ 17. Qd4 Qxd4+ 18. Nxd4 Bd7 19. Rb1 Rb8 20. Be2 Ke7 21. Ke3 b4 22. Nc2 a5 23. a3 Ba4 24. Nd4 Rhc8 25. Rhc1 b3 26. Kd2 f6 27. Kc3 fxe5 28. fxe5 Be8 29. Bg4 Rb6 30. Rb2 Bg6 31. Rf1 Rcb8 32. h4 h6 33. h5 Bh7 34. Rbf2 Bg8 35. Rb2 Rf8 36. Rxf8 Kxf8 37. Rf2+ 1/2-1/2

[Event "Fagernes Autumn op"]
[Site "Fagernes"]
[Date "2023.10.09"]
[Round "2"]
[White "Wartiovaara, Oliver"]
[Black "Kulaots, Kaido"]
[Result "0-1"]
[WhiteElo "2321"]
[BlackElo "2508"]
[PlyCount "62"]
[EventDate "2023.10.08"]
[EventType "swiss"]
[EventRounds "9"]
[EventCountry "NOR"]
[SourceTitle "Mega2024 Update 01"]
[Source "Chessbase"]
[SourceDate "2023.11.12"]
[SourceVersion "1"]
[SourceVersionDate "2023.11.12"]
[SourceQuality "1"]

1. e4 e5 2. Nf3 Nc6 3. Bc4 Nf6 4. Ng5 d5 5. exd5 Na5 6. Bb5+ c6 7. dxc6 bxc6 8. Bd3 Nd5 9. Nf3 Bd6 10. 0-0 0-0 11. Re1 f5 12. Nxe5 Qf6 13. Nf3 g5 14. Bf1 g4 15. c4 Nf4 16. d4 gxf3 17. Qxf3 Ne6 18. c5 Bc7 19. b4 Qxd4 20. Qc3 Rb8 21. a3 Qxc3 22. Nxc3 Nb3 23. Rb1 Nxc1 24. Rbxc1 Kf7 25. Bc4 Rd8 26. Rc2 Rd4 27. Ne2 Rd8 28. Nc3 Kf6 29. Rce2 Re8 30. Re3 Bd7 31. Rh3 Ng5 0-1

[Event "FIN-chT 2324"]
[Site "Finland"]
[Date "2023.09.24"]
[Round "2.3"]
[White "Ristoja, Jan"]
[Black "Wartiovaara, Oliver"]
[Result "0-1"]
[WhiteElo "2195"]
[BlackElo "2310"]
[PlyCount "88"]
[EventDate "2023.09.23"]
[EventType "team-tourn"]
[EventRounds "12"]
[EventCountry "FIN"]
[SourceTitle "EXT 2024"]
[Source "ChessBase"]
[SourceDate "2023.10.10"]
[SourceVersion "1"]
[SourceVersionDate "2023.10.10"]
[SourceQuality "1"]
[WhiteTeam "Gambiitti"]
[BlackTeam "Espoo MatSK"]
[WhiteTeamCountry "FIN"]
[BlackTeamCountry "FIN"]

1. c4 g6 2. Nc3 c5 3. Nf3 Bg7 4. d4 cxd4 5. Nxd4 Nc6 6. Nc2 Bxc3+ 7. bxc3 Qa5 8. Qd2 Nf6 9. f3 d6 10. e4 Bd7 11. c5 Qxc5 12. Rb1 Na5 13. Ba3 Qc7 14. Ne3 Rc8 15. Kf2 Nc6 16. Be2 0-0 17. Rhd1 Ne5 18. c4 Be6 19. Rdc1 Ned7 20. Qd4 b6 21. h3 Nc5 22. g4 Nfd7 23. Rg1 f6 24. Nd5 Bxd5 25. cxd5 g5 26. h4 Ne5 27. Rh1 Kg7 28. Bc1 h6 29. Be3 Nf7 30. Rh3 e5 31. dxe6 Nxe6 32. Qd2 Qc2 33. Rb2 Qxd2 34. Rxd2 Rc3 35. Rh1 Rfc8 36. h5 Rc2 37. Rhd1 Rxd2 38. Rxd2 Kf8 39. Ba6 Rc3 40. Ke2 Ke7 41. Bb7 Ne5 42. Bd5 Nf4+ 43. Kf2 Nxd5 44. exd5 Rxe3 0-1

[Event "Titled Tuesday intern op 22nd Aug Early"]
[Site "Chess.com INT"]
[Date "2023.08.22"]
[Round "1"]
[White "Slavin, Alexei"]
[Black "Wartiovaara, Oliver"]
[Result "0-1"]
[WhiteElo "2364"]
[BlackElo "2313"]
[PlyCount "50"]
[EventDate "2023.08.22"]
[EventType "swiss (blitz)"]
[EventRounds "11"]
[EventCountry "USA"]
[SourceTitle "EXT 2024"]
[Source "ChessBase"]
[SourceDate "2023.10.10"]
[SourceVersion "1"]
[SourceVersionDate "2023.10.10"]
[SourceQuality "1"]

1. e4 c5 2. g3 g6 3. Bg2 Bg7 4. Ne2 e6 5. 0-0 Ne7 6. Nbc3 0-0 7. a3 Nbc6 8. Rb1 d5 9. exd5 Nxd5 10. Nxd5 exd5 11. b4 b6 12. Nf4 Ne7 13. c4 Bf5 14. d3 dxc4 15. Bxa8 Qxa8 16. Bb2 cxd3 17. bxc5 bxc5 18. Bxg7 Kxg7 19. Re1 Nd5 20. Nxd3 Nc3 21. Qb3 Nxb1 22. Rxb1 Rd8 23. Rd1 Qf3 24. Qc3+ Kg8 25. Re1 Bh3 0-1

[Event "Titled Tuesday intern op 22nd Aug Early"]
[Site "Chess.com INT"]
[Date "2023.08.22"]
[Round "4"]
[White "Wartiovaara, Oliver"]
[Black "Bogaudinov, Rushan"]
[Result "0-1"]
[WhiteElo "2313"]
[BlackElo "1853"]
[PlyCount "54"]
[EventDate "2023.08.22"]
[EventType "swiss (blitz)"]
[EventRounds "11"]
[EventCountry "USA"]
[SourceTitle "EXT 2024"]
[Source "ChessBase"]
[SourceDate "2023.10.10"]
[SourceVersion "1"]
[SourceVersionDate "2023.10.10"]
[SourceQuality "1"]

1. b3 a5 2. a4 d5 3. Bb2 Nf6 4. e3 g6 5. Nf3 Bg7 6. Be2 0-0 7. 0-0 Nc6 8. d4 Bf5 9. Nc3 Nb4 10. Rc1 c6 11. Ne5 Nd7 12. Nd3 Bxd3 13. cxd3 e5 14. dxe5 Nxe5 15. d4 Nd7 16. Qd2 Re8 17. Ba3 Bf8 18. Bb2 f5 19. Rfe1 Nf6 20. Bf1 Bd6 21. f3 Nh5 22. Qf2 Qg5 23. g3 f4 24. exf4 Bxf4 25. Rxe8+ Rxe8 26. Re1 Be3 27. Rxe3 Qxe3 0-1

[Event "Riga Tech op-A"]
[Site "Riga"]
[Date "2023.08.11"]
[Round "7"]
[White "Keinanen, Toivo"]
[Black "Wartiovaara, Oliver"]
[Result "1-0"]
[WhiteElo "2513"]
[BlackElo "2313"]
[PlyCount "73"]
[EventDate "2023.08.07"]
[EventType "swiss"]
[EventRounds "9"]
[EventCountry "LAT"]
[SourceTitle "CBM 215 Extra"]
[Source "ChessBase"]
[SourceDate "2023.09.30"]
[SourceVersion "1"]
[SourceVersionDate "2023.09.30"]
[SourceQuality "1"]

1. d4 Nf6 2. Nf3 g6 3. Nbd2 Bg7 4. e4 0-0 5. e5 Nh5 6. g4 Nf4 7. Ne4 d5 8. Ng3 Ne6 9. Nf5 c5 10. Nxg7 Kxg7 11. h4 f6 12. exf6+ exf6 13. c3 cxd4 14. cxd4 Re8 15. Be3 Nf4 16. Rg1 b6 17. Qd2 Ba6 18. 0-0-0 Bxf1 19. Rdxf1 Ne6 20. Ne1 Kf7 21. f4 f5 22. Nf3 Nc6 23. gxf5 gxf5 24. Ne5+ Nxe5 25. fxe5 Ng7 26. Bh6 Rg8 27. Bxg7 Rxg7 28. Rxf5+ Kg8 29. Rxg7+ Kxg7 30. Qg2+ Kh8 31. Rf7 Qg8 32. Qxg8+ Rxg8 33. Rxa7 Rg4 34. e6 Re4 35. e7 Kg8 36. Ra8+ Kf7 37. e8Q+ 1-0

[Event "Titled Tuesday intern op 01st Aug Early"]
[Site "Chess.com INT"]
[Date "2023.08.01"]
[Round "1"]
[White "Mirzanurov, Bulat"]
[Black "Wartiovaara, Oliver"]
[Result "0-1"]
[WhiteElo "2232"]
[BlackElo "2313"]
[PlyCount "104"]
[EventDate "2023.08.01"]
[EventType "swiss (blitz)"]
[EventRounds "11"]
[EventCountry "USA"]
[SourceTitle "EXT 2024"]
[Source "ChessBase"]
[SourceDate "2023.10.10"]
[SourceVersion "1"]
[SourceVersionDate "2023.10.10"]
[SourceQuality "1"]

1. e4 d5 2. exd5 Qxd5 3. Nc3 Qd8 4. d4 Nf6 5. Nf3 g6 6. Bc4 Bg7 7. 0-0 0-0 8. Re1 a6 9. Bf4 b5 10. Bb3 Bb7 11. Ne5 e6 12. Qd2 Nbd7 13. Rad1 c5 14. Nxd7 Nxd7 15. dxc5 Nxc5 16. Bd6 Nxb3 17. axb3 Re8 18. Ne4 Qb6 19. Qf4 Qc6 20. f3 Rad8 21. Be5 Rxd1 22. Rxd1 Qb6+ 23. Kh1 Bxe5 24. Qxe5 Bxe4 25. Qxe4 Rd8 26. Rxd8+ Qxd8 27. h3 Qb6 28. h4 h5 29. b4 Qd6 30. c3 Kg7 31. f4 Qd1+ 32. Kh2 Qd6 33. Kg3 Kf6 34. Kh2 e5 35. g3 exf4 36. gxf4 Qd2+ 37. Kh3 Qd7+ 38. Kh2 Qf5 39. Qc6+ Qe6 40. Qc7 Qe2+ 41. Kh3 Qg4+ 42. Kh2 Qxh4+ 43. Kg2 Qg4+ 44. Kh2 Qe2+ 45. Kh3 Qe6+ 46. Kh2 g5 47. fxg5+ Kxg5 48. Qd8+ Kh6 49. Qh8+ Kg5 50. Qg8+ Qg6 51. Qd8+ Qf6 52. Qd2+ Qf4+ 0-1

[Event "Titled Tuesday intern op 01st Aug Late"]
[Site "Chess.com INT"]
[Date "2023.08.01"]
[Round "1"]
[White "Wartiovaara, Oliver"]
[Black "Osmonbekov, Talaibek D"]
[Result "1-0"]
[WhiteElo "2313"]
[BlackElo "2137"]
[PlyCount "87"]
[EventDate "2023.08.01"]
[EventType "swiss (blitz)"]
[EventRounds "11"]
[EventCountry "USA"]
[SourceTitle "EXT 2024"]
[Source "ChessBase"]
[SourceDate "2023.10.10"]
[SourceVersion "1"]
[SourceVersionDate "2023.10.10"]
[SourceQuality "1"]

1. d4 e6 2. Nc3 Bb4 3. e4 d5 4. e5 Ne7 5. a3 Bxc3+ 6. bxc3 c5 7. Qg4 0-0 8. Bd3 c4 9. Bh6 Ng6 10. Bxg6 fxg6 11. Be3 Qa5 12. Ne2 Qa4 13. Kd2 Nc6 14. h4 Ne7 15. h5 Qe8 16. h6 Nf5 17. hxg7 Rf7 18. Bg5 Nxg7 19. Bf6 Nh5 20. Rxh5 Rxf6 21. exf6 e5 22. Rxe5 Bxg4 23. Rxe8+ Rxe8 24. f3 Be6 25. Nf4 Kf7 26. Rb1 b6 27. Rb5 Rd8 28. a4 Kxf6 29. a5 Rd6 30. axb6 axb6 31. Ke3 g5 32. Nh5+ Kg6 33. g4 Bd7 34. Rb1 Re6+ 35. Kf2 b5 36. Ra1 Rd6 37. Ra8 Be6 38. Rb8 Bd7 39. Rg8+ Kh6 40. Rf8 Kg6 41. Kg3 Re6 42. f4 Re3+ 43. Kf2 Rxc3 44. Rf6# 1-0

[Event "Titled Tuesday intern op 25th Jul Early"]
[Site "Chess.com INT"]
[Date "2023.07.25"]
[Round "1"]
[White "Kovalenko, Igor"]
[Black "Wartiovaara, Oliver"]
[Result "1-0"]
[WhiteElo "2674"]
[BlackElo "2313"]
[PlyCount "99"]
[EventDate "2023.07.25"]
[EventType "swiss (blitz)"]
[EventRounds "11"]
[EventCountry "USA"]
[SourceTitle "EXT 2024"]
[Source "ChessBase"]
[SourceDate "2023.10.10"]
[SourceVersion "1"]
[SourceVersionDate "2023.10.10"]
[SourceQuality "1"]

1. c4 Nf6 2. Nc3 g6 3. g3 Bg7 4. Bg2 0-0 5. d4 d6 6. e3 e5 7. Nge2 Nbd7 8. 0-0 c6 9. b4 a6 10. a4 Re8 11. Qc2 Nb6 12. c5 exd4 13. Nxd4 Nbd5 14. Nxd5 Nxd5 15. Bd2 Qe7 16. Rfe1 Bf8 17. Rac1 h5 18. h3 h4 19. g4 dxc5 20. bxc5 Nc7 21. f4 Ne6 22. Nb3 Ng7 23. Bc3 f5 24. Be5 Qf7 25. g5 Be6 26. Nd4 Bd5 27. e4 fxe4 28. Bxe4 Bxe4 29. Qxe4 Rad8 30. Kg2 Qd5 31. Qxd5+ Rxd5 32. Bxg7 Rxe1 33. Rxe1 Kxg7 34. Ne6+ Kf7 35. Nxf8 Kxf8 36. Rb1 Kf7 37. Rxb7+ Ke6 38. Kf3 Rxc5 39. Rg7 Kf5 40. Rf7+ Ke6 41. Rf6+ Kd5 42. Rxg6 Rc4 43. Rf6 Rxa4 44. g6 Rb4 45. Kg4 Rb8 46. Kxh4 a5 47. Rf5+ Ke4 48. Kg5 Ra8 49. g7 a4 50. Rf8 1-0

[Event "Titled Tuesday intern op 18th Jul Early"]
[Site "Chess.com INT"]
[Date "2023.07.18"]
[Round "4"]
[White "Iskusnyh, Sergei"]
[Black "Wartiovaara, Oliver"]
[Result "1-0"]
[WhiteElo "2440"]
[BlackElo "2313"]
[PlyCount "49"]
[EventDate "2023.07.18"]
[EventType "swiss (blitz)"]
[EventRounds "11"]
[EventCountry "USA"]
[SourceTitle "EXT 2024"]
[Source "ChessBase"]
[SourceDate "2023.10.10"]
[SourceVersion "1"]
[SourceVersionDate "2023.10.10"]
[SourceQuality "1"]

1. d4 d5 2. c4 e6 3. Nf3 c6 4. e3 f5 5. Bd3 Bd6 6. 0-0 Nh6 7. b3 Qe7 8. a4 a5 9. Ba3 Bb4 10. Bxb4 axb4 11. Nbd2 Nd7 12. Qc2 Nf6 13. Ne5 Ne4 14. f3 Nxd2 15. Qxd2 0-0 16. c5 Nf7 17. Nxf7 Rxf7 18. Qxb4 e5 19. Qc3 e4 20. fxe4 fxe4 21. Rxf7 Qxf7 22. Rf1 Qh5 23. Bc2 Qe2 24. Bd1 Qa2 25. Bc2 1-0